000 00730cam a2200241 a 4500
001 000018585
005 20200929165827.0
008 890922s1950 fr 000 e fre d
040 _aDO-SdBNP
_bfre
_cLC
_dBNPHU
082 _a844.914
_bC211n
100 1 _aCamus, Albert,
_d1913-1960
_94231
245 1 0 _aNoces /
_cAlbert Camus.
260 _aParís :
_bGallimard,
_c1950.
300 _a91 p. ;
_c18 cm.
490 1 _aLes Essais
_v39
505 0 _aNoces a Tipasa -- Le vent a Djémila -- L´ été a Alger -- Le désert.
650 4 _aEnsayos franceses
_92545
650 4 _aLiteratura francesa
_ySIGLO XX
_94232
830 4 _aLes Essais ;
_v39
_940185
910 _aCatalogación derivada / LC
910 _aWM
049 _aBNGR
999 _c18105
_d18105